Responses for Show #6759 - Thursday, January 23, 2014

Contestants

[<< previous game]

Chip Bell, a telecom engineer from Marysville, Ohio

Jennifer Cross Miller, a communications manager from Pacheco, California

Karen Ruckert, a civil rights attorney originally from Topeka, Kansas (whose 1-day cash winnings total $12,400)

[next game >>]

Jeopardy! Round responses

HARRY POTTER & THE CHAPTER TITLES
(Alex: You're gonna love them.)
THE BIG BAND THEORY
"FOO"' ON YOU
WATER GATE
BLACK SOCKS
SCANDAL
    $200 2
Sorting

Jennifer
    $200 5
swing

Karen
    $200 9
food poisoning

Jennifer
    $200 12
dam

Karen
    $200 16
tuxedo

Chip
    $200 1
New Orleans Saints

Jennifer
    $400 3
Quidditch

Jennifer
    $400 6
trombones

Jennifer
    $400 10
egg foo young

Jennifer
    $400 13
(Karen: What is Jackson?)

Weir

Karen
Triple Stumper
    $400 21
France

Triple Stumper
    $400 17
the CIA

Jennifer
    $600 4
Hermione

Chip
    $600 24
(Jennifer: What are bits?)

riffs

Jennifer
Triple Stumper
    $600 11
pound foolish

Chip
    $600 14
(Chip: What is floodwall?)

breakwater

Chip
Triple Stumper
    $600 22
throwback

Triple Stumper
    $600 23
...
(Alex: You're all too young to remember [*].)

Charles Van Doren

Triple Stumper
    $800 7
Wand

Jennifer
    $800 25
Benny Goodman

Chip
    $800 18
buffoon

Karen
    $800 15
levee

Chip
    $800 27
ninjas

Jennifer
    $800 29
Toronto

Chip
    $1000 8
Willow

Jennifer
    $1000 26
Artie Shaw

Chip
    $1000 19
footman

Jennifer
    $1000 20
impermeable

Chip
    $1000 28
Gilbert & Sullivan

Chip
    $2,000 30
Marion Barry

Chip

Scores at the first commercial break (after clue 15):

Karen Jennifer Chip
$0 $3,600 $1,400

Scores at the end of the Jeopardy! Round:

Karen Jennifer Chip
$800 $5,200 $8,200

Double Jeopardy! Round responses

READ THE BOOK, SAW IT ON HBO
GEOMETRY
HEAD FOR THE BORDERS
FLAKES
ANIMAL WORDS & PHRASES
WHAT ARE THEY?
    $400 11
John Adams

Karen
    $400 8
80 degrees

Jennifer
    $400 6
Indonesia

Karen
    $400 1
hair of the dog

Karen
    $400 13
(Chip: What are demigods?)

(Greek) gods

JenniferChip
    $800 14
True Blood

Jennifer
    $800 9
congruent

Chip
    $800 7
Colombia and Panama

Chip
    $800 2
lion's share

Karen
    $800 22
treaties

Karen
    $1200 15
(Kate) Winslet

Jennifer
    $1200 10
(Jennifer: What is zero?)

a point

Jennifer
Triple Stumper
    $1200 12
San Marino and Vatican City

Chip
    $2,000 26
(Karen: What is the Sistine Chapel?)

The Last Supper

Karen
    $1200 3
bull

Karen
    $1200 23
roofs

Karen
    $1600 16
(Henry) Paulson

Jennifer
    $1,400 18
(Karen: Um...What is...uh...What is an ellipsis?)
(Alex: Oh, sorry. You're so close. What is an [*]. Two different things.)

ellipse

Jennifer
    $1600 20
(Jennifer: What's the Democratic
Republic of Congo?)
(Alex: Yeah,
we'll accept that.
[*]. But we're giving you a yes on that.)
(Jennifer: Thank you. Appreciate that.)

Democratic Republic of the Congo

Jennifer
    $1600 27
Cadbury

Karen
    $1600 4
(Chip: What is a goose step?)

frog march

Chip
Triple Stumper
    $1600 24
operas

Triple Stumper
    $2000 17
Kill

Triple Stumper
    $2000 19
(Jennifer: What's a tangent?)

secant

Jennifer
Triple Stumper
    $2000 21
(Karen: What is Venezuela?)

Chile (or Ecuador)

KarenJennifer
    $2000 28
...
(Alex: You know it better as a [*].)
[End-of-round signal sounds.]

Bialy

Triple Stumper
    $2000 5
ox

Triple Stumper
    $2000 25
flowers

Triple Stumper

Scores at the end of the Double Jeopardy! Round:

Karen Jennifer Chip
$3,600 $8,600 $9,000

[wagering suggestions for these scores]

Final Jeopardy! Round responses

NOTABLE NAMES
Alex: [After revealing Chip's response] Many people have done it since, but he was the first to conquer Mount Everest. And 2003 was the 50th anniversary. You're right.)
KarenWho is Prince Charles?
$2,900
JenniferWho is the Dalai Lama
$8,000
ChipWho is Hillary?
$8,300
(Edmund) Hillary

Final scores:

Karen Jennifer Chip
$700 $600 $17,300
2nd place: $2,000 3rd place: $1,000 New champion: $17,300

Game dynamics:

Coryat scores:

Karen Jennifer Chip
$5,600 $10,000 $8,000
11 R,
3 W
(including 1 DD)
18 R,
4 W
(including 1 DD)
13 R
(including 1 DD),
3 W

Combined Coryat: $23,600

[game clues] [game scores] [suggest correction]

Game tape date: 2013-11-12
The J! Archive is created by fans, for fans. Scraping, republication, monetization, and malicious use prohibited; this site may use cookies and collect identifying information. See terms. The Jeopardy! game show and all elements thereof, including but not limited to copyright and trademark thereto, are the property of Jeopardy Productions, Inc. and are protected under law. This website is not affiliated with, sponsored by, or operated by Jeopardy Productions, Inc. Join the discussion at JBoard.tv.